Score 0/15 Timer 01:00
0 Plays Today
% Correct
Asia
92.1%
South America
83.8%
Europe
83.3%
Europe
77.9%
Asia
76.2%
Asia
62.6%
Africa
61.9%
Oceania
60.5%
% Correct
Europe
60.1%
Oceania
49.8%
Africa
45.8%
South America
45.1%
Africa
35.2%
North America
31.5%
North America
17.6%

Today's Daily Dose

Remove Ads.
Support Sporcle.
Get the best of Sporcle when you Go Orange. This ad-free experience offers more features, more stats, and more fun while also helping to support Sporcle. Thank you for becoming a member.

You're not logged in!

Compare scores with friends on all Sporcle quizzes.
OR
Log In

Show Comments

Extras

Top Quizzes Today


Score Distribution

Your Account Isn't Verified!

In order to create a playlist on Sporcle, you need to verify the email address you used during registration. Go to your Sporcle Settings to finish the process.

Report this User

Report this user for behavior that violates our Community Guidelines.

Details: